Effects of Oil Shocks on EMU Exports: Technological Level Differences

Empirické perspektívy na vzťah medzi zmenami v ochode s ropou a technologickou úrovňou exportu Európskej menovej únie.

Uložené v:
Podrobná bibliografia
Hlavný autor: Hodula, Martin
Ďalší autori: Vahalík, Bohdan
Médium: Kapitola
Jazyk:English
Predmet:
Tagy: Pridať tag
Žiadne tagy, Buďte prvý, kto otaguje tento záznam!

MARC

LEADER 00000naa a2200000 4500
001 0240675
005 20221104111923.9
041 0 |a eng 
044 |a SK 
245 1 0 |a Effects of Oil Shocks on EMU Exports: Technological Level Differences  |c Martin Hodula, Bohdan Vahalík 
520 |a Empirické perspektívy na vzťah medzi zmenami v ochode s ropou a technologickou úrovňou exportu Európskej menovej únie. 
610 2 0 |a Európska menová únia 
610 2 0 |a vývoz 
610 2 0 |a ropa 
610 2 0 |a priemysel ťažobný 
610 2 0 |a úroveň výroby 
610 2 0 |a úroveň rozvoja hospodárskeho 
100 1 |a Hodula, Martin 
700 1 |a Vahalík, Bohdan